LEADER 02574oas 2201057 a 450 001 9910146367903321 005 20260310213014.0 011 $a1532-2807 035 $a(DE-599)ZDB2002501-4 035 $a(DE-599)2002501-4 035 $a(OCoLC)41429364 035 $a(CONSER) 00208397 035 $a(CKB)954927738785 035 $a(EXLCZ)99954927738785 100 $a19990525a19959999 sy a 101 0 $aeng 135 $aurcnu|||||||| 181 $ctxt$2rdacontent 182 $cc$2rdamedia 183 $acr$2rdacarrier 200 10$aPathology oncology research 210 $a[London] $cHarcourt 210 2 $a[Netherlands] $cSpringer Netherlands 210 3 $a[Switzerland] $cFrontiers Media S.A 300 $aRefereed/Peer-reviewed 311 08$a1219-4956 517 1 $aPOR 517 1 $aPORE 517 1 $aPathology & oncology research 517 1 $aPathology and oncology research 531 0 $aPathol. oncol. res. 606 $aTumors$vPeriodicals 606 $aOncology$xResearch$vPeriodicals 606 $aNeoplasms$xpathology 606 $aTumeurs$vPe?riodiques 606 $aCance?rologie$xRecherche$vPe?riodiques 606 $aOncology$xResearch$2fast$3(OCoLC)fst01045744 606 $aTumors$2fast$3(OCoLC)fst01158759 608 $aPeriodical 608 $aperiodicals.$2aat 608 $aPeriodicals.$2fast 608 $aPeriodicals.$2lcgft 608 $aPe?riodiques.$2rvmgf 615 0$aTumors 615 0$aOncology$xResearch 615 2$aNeoplasms$xpathology 615 6$aTumeurs 615 6$aCance?rologie$xRecherche 615 7$aOncology$xResearch. 615 7$aTumors. 676 $a616 712 02$aAra?nyi Lajos Foundation, 801 0$bSMI 801 1$bSMI 801 2$bCOU 801 2$bNSD 801 2$bOCLCQ 801 2$bMUQ 801 2$bPFM 801 2$bDLC 801 2$bOCLCQ 801 2$bCUS 801 2$bBUF 801 2$bOCLCF 801 2$bOCLCQ 801 2$bUAB 801 2$bOCLCQ 801 2$bEZC 801 2$bUKMGB 801 2$bVT2 801 2$bU3W 801 2$bSFB 801 2$bDLC 801 2$bOCLCQ 801 2$bDLC 801 2$bOCLCO 801 2$bQGK 801 2$bOCLCQ 801 2$bOCLCO 801 2$bOCLCQ 801 2$bAUD 801 2$bOCLCL 801 2$bCSU 801 2$bLIP 801 2$bXFH 801 2$bCASUM 801 2$bOCLCQ 906 $aJOURNAL 912 $a9910146367903321 996 $aPathology oncology research$92265955 997 $aUNINA